Lille - Joueurs à plus de 100 matchs - Statistiques

Statistiques générales
  • Ce quiz a été pris 705 fois
    344 depuis la dernière actualisation
  • Le résultat moyen est 15 sur 35
Statistiques - réponses
P Joueurs Matchs % Correct
M Eden Hazard 194
87%
M Benjamin André 159
84%
G Mike Maignan 180
82%
M Rio Mavuba 370
79%
M Florent Balmont 323
78%
A Jonathan David 135
77%
D José Fonte 196
72%
G Vincent Enyeama 164
71%
A Jonathan Bamba 200
63%
G Mickael Landreau 160
63%
A Jonathan Ikone 150
57%
D Mathieu Debuchy 301
57%
M Yohan Cabaye 253
57%
D Adil Rami 163
53%
D Franck Beria 317
52%
D Marko Basa 195
51%
D Aurelien Chedjou 206
41%
D Zeki Celik 143
39%
A Nolan Roux 138
38%
D Sébastien Corchia 127
35%
M Idrissa Gueye 176
33%
M Ludovic Obraniak 201
30%
A Tulio De Melo 136
27%
D Djibril Sidibe 119
25%
M Luiz Araujo 136
24%
A Pierre Alain Frau 123
24%
D Adama Soumaoro 124
22%
M Boubakary Soumare 111
22%
M Xeka 144
21%
D David Rozehnal 113
16%
M Stéphane Dumont 191
16%
A Ronny Rodelin 106
14%
M Ibrahim Amadou 102
13%
A Timothy Weah 107
10%
D Emerson 109
6%
Aucun quiz correspondant
Distribution des résultats
% des personnes avec chaque résultat
Percentile par nombre de réponses
Votre historique - résultats
Vous n’avez pas pris ce quiz depuis la dernière actualisation